000 02608nam a22003615a 4500
005 20091217155058.0
008 091120t20092006paua j 001 0 eng
010 _aB-379650-660
020 _a9788181466549
_c135.00
035 _aB-379650-660
037 _bIPD Alternatives
040 _adpl
_bEnglish
082 _aS
100 _aRinchin
245 _aSabri's colours /
_cby Rinchin; illustrated by Shailja Jain
260 _aChennai
_bTulika Publisers
_c2009
270 _a13 Prithvi Avenue First Street, Abhiramapuram
_bChennai
_e600018
300 _aunpaged :
_bill.
_c28cm(pbk)
700 _aJain, Shailija
942 _2ddc
_cCH
_mRIN
_hS
999 _c33148
_d33148